Score 0/18 Timer 05:00
0 Plays Today
% Correct
Guy Fieri
96.8%
Bobby Flay
95.8%
Rachael Ray
92.4%
Alton Brown
86.4%
Giada de Laurentiis
85.6%
Emeril Lagasse
79%
Anne Burrell
76.5%
Ina Garten
72.1%
Ted Allen
71.7%
% Correct
Mario Batali
68.5%
Alex Guarnaschelli
67.6%
Michael Symon
67.2%
Tyler Florence
63%
Sandra Lee
56.8%
Sunny Anderson
51.4%
Pat and Gina Neely
49.2%
Melissa d'Arabian
44.8%
Aaron McCargo, Jr.
24.7%
Remove Ads.
Support Sporcle.
Get the best of Sporcle when you Go Orange. This ad-free experience offers more features, more stats, and more fun while also helping to support Sporcle. Thank you for becoming a member.

You're not logged in!

Compare scores with friends on all Sporcle quizzes.
OR
Log In

Show Comments

Extras

Top Quizzes Today


Score Distribution

Your Account Isn't Verified!

In order to create a playlist on Sporcle, you need to verify the email address you used during registration. Go to your Sporcle Settings to finish the process.

Report this User

Report this user for behavior that violates our Community Guidelines.

Details: